MDQL
is popping MORE tags! Check the
thread
!
Quizzes
Events
Quiz Creation
Community
Videos
Private Events
Remove Ads
Sign In
Join for FREE
Feedback
Dark Mode
Quiz Categories
Sports
Geography
Music
Movies
Television
Just For Fun
Miscellaneous
History
Literature
Language
Science
Gaming
Entertainment
Religion
Holiday
For Kids
Quiz Lab
Recent
Popular Today
Quiz Kudos Today
Editor Picks
Curator Picks
Quizzes by...
Day
Popularity
Type
Ratings
Length
Year
Community
Subscriptions
Recent Discussions
Orange Saloon
Badges
Playlists
Quests
Create
Leaderboards
Showdown
Live 5
Trivia Bingo
Activity
Puzzle Library
Sporcle Events
Private Events
Virtual Trivia
Globe League
Become a Host
Pub Owners
SporcleCon
Opinionation
Our Games
Videos
Blog
Mobile Apps
Partnerships
Remove Ads and Go Orange
Feedback
Entertainment
Celebrity
Famous
Musical
Broadway
Show
Quote
Comic Books
Anime
Superhero
DC Comics
Marvel
Cartoons
Animation
Entertainment
Celebrity
Famous
Musical
Broadway
Show
Quote
Comic Books
Anime
Superhero
DC Comics
Marvel
Cartoons
Animation
Random Quiz
Search Sporcle
×
Quiz Lab
Quiz Lab
Entertainment
WWE
Type in answers that appear in a list
Type in answers that appear in a list
Classic
Best Score? Go Orange.
WWE Royal Rumble Winners Stats
Can you name the WWE Royal Rumble Winners
By
MitchellDietz10
20m
29 Questions
239 Plays
239 Plays
239 Plays
Comments
Comments
Give Quiz Kudos
Give Quiz Kudos
-
- Ratings
hide this ad
Replay
Link that replays current quiz
Next Quiz
Link to next quiz in quiz playlist
You Got
0%
They Got
Avg Score
78%
Avg Friend Score
Upgrade to see
Score Distribution
Jump to the score distribution portion of the page
Score
0/29
Timer
20:00
0
Plays Today
Year Won
Superstar
% Correct
2002
Triple H
94.1%
2008
John Cena
86.9%
2013
John Cena
86.9%
2015
Roman Reigns
85.2%
1991
Hulk Hogan
85.2%
1990
Hulk Hogan
85.2%
1997
Stone Cold Steve Austin
84%
1998
Stone Cold Steve Austin
84%
2001
Stone Cold Steve Austin
84%
1988
Jim Duggan
83.5%
1995
Shawn Michaels
83.1%
1996
Shawn Michaels
83.1%
2000
The Rock
81%
2009
Randy Orton
78.5%
2005
Batista
78.1%
Year Won
Superstar
% Correct
2014
Batista
78.1%
1994
Bret Hart
77.2%
2007
The Undertaker
77.2%
2012
Sheamus
75.5%
1992
Ric Flair
75.1%
1989
Big John Studd
74.7%
2006
Rey Mysterio
73.4%
2010
Edge
73%
1993
Yokozuna
71.7%
2011
Alberto Del Rio
71.3%
2003
Brock Lesnar
70.5%
1999
Vince McMahon
68.8%
2004
Chris Benoit
67.9%
1994
Lex Luger
67.1%
Quiz Playlist
Details
Report
Send in Message
Add To Playlist
Classic:
Type in answers that appear in a list
Last Updated: Feb 16, 2017
Quiz Scoreboard
CHALLENGE
Sign Up to Join the Scoreboard
Show All
Scores
Hide
Comments
May contain spoilers
Recently Published
1-10 Letter E Words III
by El_Dandy
Language
2m
Street Fighter Characters
by Artimus82
Gaming
60s
College Basketball Coaching Resumes
by pancakes188
Sports
9m
More to Explore
Quiz From the Vault
Featured Blog Post
Where Did the Easter Bunny Come From?
hide this ad
You Might Also Like...
Tags
WWE Quiz
Royal
rumble
Superstar
Winner
Won
Today's Top Quizzes in Entertainment
Browse Entertainment
hide this ad
Today's Top Quizzes in WWE
Browse WWE
Top Contributed Quizzes in Entertainment
1
7-to-1: DC Comics Villains
2
Marvel Characters Bunker
3
Dragon Ball Z: Goku's Fights in Order
4
Eurovision 2023 Logic Puzzle
5
Sorting Pictures: Villains
6
Criteria Quickie: Cartoon Taxonomy II
7
Mini Trivia Sudoku: Musicals
8
7-to-1: One Piece
9
Fictional Villains Letter U Blitz
10
Click the Cartoon Scott
Explore More
Trending Topics
Disney
Crossword
Harry Potter
Kpop
NBA
Anime
Marvel
Country
Pokémon
NFL
Song
The Office
WWE
Soccer
Puzzle
hide this ad
More By:
MitchellDietz10
Quiz
Plays
Rating
Category
Featured
Created
WWE Divas or Womens Champion?
7,376
3.54
Sports
Jun 10, 2019
WWE: Submission Specialist
6,031
4.43
Sports
Feb 20, 2018
Gravity Falls Characters
4,499
3.00
Entertainment
Mar 17, 2014
Spongebob Episode by Picture (Seasons 1-2)
3,925
4.67
Television
Mar 11, 2017
Quick Pick: Walking Dead Antagonists
3,906
3.10
Television
May 2, 2017
Go to Creator's Profile
Score Distribution
Quiz Creator Spotlight
MitchellDietz10
Follow
Send a Message
Quizzes Created
-
Created Quiz Play Count
-
More By This Creator
Popular Quizzes Today
1
Find the US States - No Outlines Minefield
2
Find the Countries of Europe - No Outlines Minefield
3
The Countries of the World
4
Find the US States
5
Risky Map Clicking: Biggest States A-Z
6
US States
7
Popular People in 1961
8
Movies - When Are They Set?
More Entertainment Quizzes
Click the 'S' Cartoon Characters
Curator's Pick
Trending Quizzes
Risky Map Clicking: Least Populous States A-Z
Billboard Blitz: Aretha Franklin
Famous Russians: Author or Composer?
1-10 Letter G Words
Countries of the World: 200 Million BC
Recently Updated
Leaping Animals
pecheneg
Reality TV Shows (A-Z)
bhenderson79
Rickey Henderson's Hall of Fame Teammates
pecheneg
Champions League XIs: Arsenal
pecheneg
Quick Pick: Celebrities in WWE's Hall of Fame
aduchscher
A-Z Keypad Blitz II
pecheneg
Multiple Oscar Actors
pecheneg
Mystery Phrase Blitz: Oscar 'Best Actors'
pecheneg
F. Scott Fitzgerald Novels
LTH
Pick 3 Villains
ddd62291
Trending Topics
Disney
Crossword
Marvel
Harry Potter
NBA
Anime
Kpop
WWE
Soccer
NFL
Pokémon
Puzzle
Country
Song
The Office
Your Account Isn't Verified!
In order to create a playlist on Sporcle, you need to verify the email address you used during registration. Go to your
Sporcle Settings
to finish the process.
Report this User
Report this user for behavior that violates our
Community Guidelines
.
Details:
Send Report
Go to the Sporcle.com Mobile Site →
Comments